00498 2200181 4500245005200000020002200052250001100074100002300085700001800108700001900126650002100145005001900166260007500185041001400260084001000274300002300284336000900307 aKikan dan Kawan-KawancBaby Haryanti DewihText a978-602-437-786-1 aCet. 1 aBaby Haryanti Dewi aDony Setiawan aAnjar Ginanjar aCerita Bergambar a20240926141430 aJakartabKementrian Pendidikan, Kebudayaan, Riset, dan Teknologic2019 aIndonesia a741.5 a16 hlm. :c29,7 cm atext